000 00671nam a2200241Ia 4500
005 20260430150138.0
008 008 250103s9999 xx 000 0 eng d
037 _aTheses
040 _aCRL
040 _beng
040 _ceng
041 _2eng
041 _aeng
084 _qCRL
100 _aKharu Nisa Au.; Chauhan S.M.S. Gu.
_91236591
245 0 _aSynthesis of Selected Porphyrin conjugates and their apllication in material and supramolecular chemistry
260 _c2021
300 _a173p.
650 _aChemistry
700 _aUniversity of Delhi. Faculty of Science. Deptt. of Chemistry
_91236464
942 _cTH
999 _c1849061
_d1849061